00749nam a2200205 i 4500001000300000100001700003245012600020260002700146300004200173504002100215521008200236650001100318655002600329020001500355040000800370041000700378080001900385008004100404856009800445bg1 aPELC, Alicja10aĆwiczenia laboratoryjne z chemii :bpomoc dydaktyczna /cAlicja Pelc ; Politechnika Krakowska im. Tadeusz Kościuszki. aKraków :bPK,c1996. a64 s., [1]k. tabl. złoż. ;c24 cm. aBibliogr. s. 64. aDla studentów Wydziału Inżynierii Środowiska Politechniki Krakowskiej. 9aChemia aĆwiczenia i zadania a8390387824 cBPK0 apl a54(075.8)(076) s pl f |000 0 pol  uhttp://koha.tu.koszalin.pl/cgi-bin/koha/opac-detail.pl?biblionumber=24879yKatalog online BPK